UEFA Champions League Winners - Sudden Death - Statistics

General Stats
  • This quiz has been taken 32 times
    15 since last reset
  • The average score is 11 of 20
Answers on the Grid
Answers color-coded by a green-red scale on the quiz's grid according to % correct below.
Manchester United
Real Madrid
Rangers
Milan
Liverpool
Tottenham Hotspur
Barcelona
Inter Milan
Juventus
Benfica
Nottingham Forest
Porto
Paris Saint-Germain
Borussia Dortmund
Hamburger SV
Aston Villa
Atlético Madrid
Ajax
Roma
Bayer Leverkusen
Arsenal
Bayern Munich
Lyon
Chelsea
Deportivo de La Coruña
Valencia
Marseille
Manchester City
Celtic
Borussia Mönchengladbach
 
Answer Stats
Answer % Correct
Liverpool
80%
Real Madrid
80%
Borussia Dortmund
70%
Juventus
70%
Barcelona
60%
Benfica
60%
Chelsea
60%
Inter Milan
60%
Manchester United
60%
Milan
60%
Paris Saint-Germain
60%
Ajax
50%
Aston Villa
50%
Bayern Munich
50%
Manchester City
50%
Marseille
50%
Hamburger SV
40%
Nottingham Forest
40%
Porto
40%
Celtic
30%
No matching quizzes found
Score Distribution
Percent of People with Each Score
Percentile by Number Answered
Your Score History
You have not taken this quiz since the last reset